000 00574nam a22002057a 4500
003 OSt
005 20220901131503.0
008 220901b |||||||| |||| 00| 0 eng d
020 _a8120311361
040 _cIFM library
082 _a511.322
100 _aKLIR, G.J.
_94258
245 _aFuzzy Sets And Fuzzy Logic
260 _aNew Delhi
_bPrentice Hall of India Private Limited
_c2002
300 _axv; 574p.
_bill; 23cm.
500 _aInclude; Appendix, Bibliography, Index.
650 _aTheory And Practice
_9593
700 _aYuan BO.
_94259
942 _cBK
_2ddc
_n0
999 _c18589
_d18589